| 000 | 00876nam a22002417a 4500 | ||
|---|---|---|---|
| 003 | OSt | ||
| 005 | 20260130152243.0 | ||
| 008 | 260130b |||||||| |||| 00| 0 eng d | ||
| 020 | _a9789585872127 | ||
| 037 | _aDonación | ||
| 040 |
_aCO-JMCR _bspa _cCO-JMCR _erda _dCO-JMCR |
||
| 041 | 0 | _aspa | |
| 082 | 0 | 4 |
_a331.12 _bT71a |
| 245 | 0 | 0 |
_aTrabajo formal en Colombia : _brealidad y retos / _ceditor Hernán Avendaño Cruz. |
| 264 | 4 |
_aBogotá : _bFASECOLDA, Federación de Aseguradores Colombianos, _c2018. |
|
| 300 |
_a291 páginas : _bIlustraciones, gráficas ; _c24 cm. |
||
| 504 | _aIncluye bibliografía. | ||
| 650 | 7 |
_aMercado laboral colombiano. _2BLAAUTO _944511 |
|
| 650 | 7 |
_aTrabajo calificado _zColombia. _2JMCR _944512 |
|
| 650 | 7 |
_aEmpleo _xAspectos sociales _zColombia. _2JMCR _944513 |
|
| 700 | 1 |
_aAvendaño Cruz, Hernán, _eedición. _944514 |
|
| 942 |
_cBK _2ddc |
||
| 999 |
_c31142 _d17526 |
||